Experiencing Music Technology (Record no. 26243)

MARC details
000 -LEADER
fixed length control field 00476nam a22001817a 4500
003 - CONTROL NUMBER IDENTIFIER
control field OSt
005 - DATE AND TIME OF LATEST TRANSACTION
control field 20220110102330.0
008 - FIXED-LENGTH DATA ELEMENTS--GENERAL INFORMATION
fixed length control field 220110b |||||||| |||| 00| 0 eng d
020 ## - INTERNATIONAL STANDARD BOOK NUMBER
International Standard Book Number 0-02872914-5
040 ## - CATALOGING SOURCE
Transcribing agency Hawassa University
050 ## - LIBRARY OF CONGRESS CALL NUMBER
Classification number 780.285/WIL
082 ## - DEWEY DECIMAL CLASSIFICATION NUMBER
Classification number 780.285/WIL
100 ## - MAIN ENTRY--PERSONAL NAME
Personal name Williams,Brain David
9 (RLIN) 27348
111 ## - MAIN ENTRY--MEETING NAME
Location of meeting New Library Store
9 (RLIN) 27346
245 ## - TITLE STATEMENT
Title Experiencing Music Technology
260 ## - PUBLICATION, DISTRIBUTION, ETC.
Place of publication, distribution, etc. New York
Name of publisher, distributor, etc. Macmillan
Date of publication, distribution, etc. 1996
942 ## - ADDED ENTRY ELEMENTS (KOHA)
Source of classification or shelving scheme Dewey Decimal Classification
Koha item type Books like text book referance book
Suppress in OPAC No
Holdings
Withdrawn status Lost status Source of classification or shelving scheme Damaged status Not for loan Home library Current library Date acquired Total Checkouts Full call number Barcode Date last seen Copy number Price effective from Koha item type
    Dewey Decimal Classification     College of Agriculture Library College of Agriculture Library 01/10/2022   780.285/WIL ALIB0013597 01/10/2022 3 01/10/2022 Books like text book referance book
    Dewey Decimal Classification     College of Agriculture Library College of Agriculture Library 01/10/2022   780.285/WIL ALIB0013598 01/10/2022 4 01/10/2022 Books like text book referance book